Statistics for World War 2 quiz

Click here to take the quiz!

General Stats

  • This quiz has been taken 24 times
  • The average score is 9 of 11

Answer Stats

QuestionAnswer% Correct
Who was allied with GermanyItaly and japan
100%
Which country Fell To the Nazis First?Poland
95%
Which Two locations did the United States drop the nuclear bombs on JapanHiroshima and Nagasaki
91%
During world war 2 The empire of Japan bombed the United States, But where did they bomb?(one of the questions has the answers either before or after this question:) )Pearl harbor, hawaii
91%
How did Hitler die during world war ll?Shot him self
91%
True or false Tanks were first used in World War 2False
86%
Where were the location allied Countries invaded to push back The nazis(D-Day)Normady,france
82%
Which country did nazi germany invade successfully then the other country pushed nazi germany back to its landSoviet union
77%
When The unites states dropped 2 nuclear bombs on The empire of Japan after bombing Pearl Harbor who helped the USA get Materials to build a Nuke?Britian
64%
How long was world war 2?6 years 1939-1945
55%
BONUS QUESTION! What was the reason Nazi Germany started World War 2?Germany had to repay all the other countries to recover after world war 1 and he wanted the germans to be rich and wealthy
45%

Score Distribution

Percentile by Number Answered

Percent of People with Each Score

Your Score History

You have not taken this quiz